Ferri's best test: A practical guide to clinical laboratory medicine and diagnostic imaging (Record no. 2305)
[ view plain ]
| 000 -LEADER | |
|---|---|
| fixed length control field | 00291nam a22000977a 4500 |
| 008 - FIXED-LENGTH DATA ELEMENTS--GENERAL INFORMATION | |
| fixed length control field | 250313b |||||||| |||| 00| 0 eng d |
| 020 ## - INTERNATIONAL STANDARD BOOK NUMBER | |
| ISBN | 9780323511407 |
| 245 ## - TITLE STATEMENT | |
| Title | Ferri's best test: A practical guide to clinical laboratory medicine and diagnostic imaging |
| 942 ## - ADDED ENTRY ELEMENTS (KOHA) | |
| Item type | Books |
| 050 ## - LIBRARY OF CONGRESS CALL NUMBER | |
| Classification number | RT 48.5.F47 |
| Source of classification or shelving scheme | Not for loan | Permanent location | Current location | Date acquired | Accession No. | Full call number | Barcode. | Koha item type |
|---|---|---|---|---|---|---|---|---|
| Library of Congress Classification | Medical Library | Medical Library | 05/20/2025 | 2024/63600 | RT48.5.F47 2019 | 2025-2039 | Books | |
| Library of Congress Classification | Samuel Ogbemudia Main Library, University of Abuja | Samuel Ogbemudia Main Library, University of Abuja | 03/13/2025 | 2024/63600 | rt48.5.f47 | 2025-0569 | Books |